Монгол улсын өсвөр залуу насныхны хепатитийн С вирүсийн халдварын тархалтын судалгаа // (Record no. 34434)
[ view plain ]
| 000 -LEADER | |
|---|---|
| fixed length control field | 01838nam a22003617a 4500 |
| 003 - CONTROL NUMBER IDENTIFIER | |
| control field | OSt |
| 005 - DATE AND TIME OF LATEST TRANSACTION | |
| control field | 20260420183945.0 |
| 008 - FIXED-LENGTH DATA ELEMENTS--GENERAL INFORMATION | |
| fixed length control field | 250404b mp ||||| |||| 00| 0 mon d |
| 022 ## - INTERNATIONAL STANDARD SERIAL NUMBER | |
| International Standard Serial Number | 9992981318 |
| 040 ## - CATALOGING SOURCE | |
| Original cataloging agency | Эрүүл Мэндийн Шинжлэх ухааны төв номын сан |
| Language of cataloging | mon |
| Description conventions | rda |
| 082 ## - DEWEY DECIMAL CLASSIFICATION NUMBER | |
| Edition number | 21 |
| Classification number | 614.4 |
| Item number | О-637 |
| 100 ## - MAIN ENTRY--PERSONAL NAME | |
| Personal name | Оюу-Эрдэнэ, Ш. |
| Relator term | судлаач |
| 9 (RLIN) | 49164 |
| 245 ## - TITLE STATEMENT | |
| Title | Монгол улсын өсвөр залуу насныхны хепатитийн С вирүсийн халдварын тархалтын судалгаа // |
| 264 ## - PRODUCTION, PUBLICATION, DISTRIBUTION, MANUFACTURE, AND COPYRIGHT NOTICE | |
| Place of production, publication, distribution, manufacture | Улаанбаатар |
| Date of production, publication, distribution, manufacture, or copyright notice | 2021. |
| 300 ## - PHYSICAL DESCRIPTION | |
| Extent | Х.66-69 |
| 440 ## - SERIES STATEMENT/ADDED ENTRY--TITLE | |
| Title | Эрүүл Мэндийн Шинжлэх Ухаан: |
| Volume/sequential designation | 2021 vol. 17, №6 (62) |
| 9 (RLIN) | 64897 |
| 546 ## - LANGUAGE NOTE | |
| Хэл | монгол |
| Information code or alphabet | кирилл |
| 653 #4 - INDEX TERM--UNCONTROLLED | |
| Uncontrolled term | хсв |
| Uncontrolled term | тархалт |
| Uncontrolled term | халдвар |
| Uncontrolled term | өсвөр үе |
| 700 0# - ADDED ENTRY--PERSONAL NAME | |
| Personal name | Оюу-Эрдэнэ, Ш. |
| Relator term | судлаач |
| 9 (RLIN) | 49164 |
| Personal name | Еркебулан, М |
| Relator term | судлаач |
| 9 (RLIN) | 4306 |
| Personal name | Сэр-Од, Х. |
| Relator term | судлаач |
| 9 (RLIN) | 65505 |
| Personal name | Энх-Оюун, Ц. |
| Relator term | судлаач |
| 9 (RLIN) | 64927 |
| Personal name | Бира, Н. |
| Relator term | судлаач |
| 9 (RLIN) | 64928 |
| Personal name | Отгонбаяр, Р. |
| Relator term | судлаач |
| 9 (RLIN) | 70804 |
| Personal name | Даваалхам, Д. |
| Relator term | судлаач |
| 9 (RLIN) | 70805 |
| 710 ## - ADDED ENTRY--CORPORATE NAME | |
| Corporate name or jurisdiction name as entry element | Анагаахын Шинжлэх Ухааны Үндэсний Их Сургууль |
| Relator term | Нийгмийн Эрүүл Мэндийн Сургууль |
| 9 (RLIN) | 70806 |
| Corporate name or jurisdiction name as entry element | Анагаахын Шинжлэх Ухааны Үндэсний Их Сургууль |
| Relator term | Анагаах Ухааны Сургууль |
| 9 (RLIN) | 70806 |
| 856 ## - Цахимаар унших | |
| Цахимаар унших | <a href="http://library.mnums.edu.mn/cgi-bin/koha/opac-detail.pl?biblionumber=31050">http://library.mnums.edu.mn/cgi-bin/koha/opac-detail.pl?biblionumber=31050</a> |
| Public note | ЭРҮҮЛ МЭНДИЙН ШИНЖЛЭХ УХААН 2021, vol. 17, №6 (62) |
| 942 ## - ADDED ENTRY ELEMENTS (KOHA) | |
| Source of classification or shelving scheme | Dewey Decimal Classification |
| Koha item type | Сэтгүүлийн өгүүлэл |
| Date last seen | Total Checkouts | Full call number | Price effective from | Koha item type | Lost status | Source of classification or shelving scheme | Damaged status | Not for loan | Withdrawn status | Home library | Current library | Shelving location | Date acquired |
|---|---|---|---|---|---|---|---|---|---|---|---|---|---|
| 04/04/2025 | 614.4 О-637 | 04/04/2025 | Сэтгүүлийн өгүүлэл | Dewey Decimal Classification | Эрдэм шинжилгээний номын сан | Эрдэм шинжилгээний номын сан | Тогтмол хэвлэлийн уншлагын танхим №1 | 04/04/2025 |